Barrios de Alicante - Estadísticas

Estadísticas generales
  • Esta prueba ha sido intentada 306 veces
  • La puntuación promedio es 18 de 40
Respuestas en el mapa
Las respuestas están codificadas por una escala verde-roja en el mapa de la prueba según el % correcto abajo.
 
Estadísticas de respuestas
Respuesta % Correcto
San Gabriel
75%
San Blas-Santo Domingo
74%
Carolinas Altas
70%
Carolinas Bajas
69%
Centro
69%
Virgen del Remedio
69%
Benalúa
63%
Albufereta
59%
Juan XXIII
57%
Casco Antiguo-Santa Cruz-Ayuntamiento
55%
Playa de San Juan
55%
Rabasa
51%
Vistahermosa
51%
Cabo de la Huerta
50%
Los Ángeles
50%
Tómbola
49%
Florida Alta
48%
Florida Baja
48%
Garbinet
48%
Mercado
48%
Villafranqueza
47%
Ciudad de Asís
45%
Ciudad Jardín
44%
Altozano-Conde Lumiares
43%
Alipark
39%
San Antón
39%
Colonia Requena
38%
Ensanche Diputación
36%
Polígono Babel
35%
Campoamor
33%
San Agustín
33%
Polígono San Blas
32%
Virgen del Carmen
31%
Cuatrocientas Viviendas
27%
Lo Morant-San Nicolás de Bari
27%
Pla del Bon Repós
27%
San Fernando-Princesa Mercedes
27%
Sidi Ifni-Nou Alacant
26%
Divina Pastora
25%
Gran Vía Sur
21%
No se encontraron pruebas coincidentes
Distribución de puntuación
Porcentaje de gente con cada puntuación
Porcentaje por número respondido
Historial de tus puntuaciones
No has intentado esta prueba.